Postavenie, význam a úlohy zmenky v podmienkach konkrétnej banky diplomová práca

Saved in:
Bibliographic Details
Main Author: Knapíková, Frederika
Corporate Author: Fakulta hospodárskej informatiky EU. Katedra účtovníctva a audítorstva
Other Authors: Kadlečíková, Oľga, 1973-
Format: Book
Language:Slovak
Published: Bratislava 2021
Tags: Add Tag
No Tags, Be the first to tag this record!

MARC

LEADER 00000nbm a2200000 4500
001 0274539
005 20220323133612.9
041 0 |a slo 
044 |a SK 
245 1 0 |a Postavenie, význam a úlohy zmenky v podmienkach konkrétnej banky  |b diplomová práca  |c Frederika Knapíková ; školiteľ: Oľga Kadlečíková 
264 1 |a Bratislava  |c 2021 
300 |a 57 s. 
100 1 |a Knapíková, Frederika 
700 1 |a Kadlečíková, Oľga, 1973- 
710 2 |a Fakulta hospodárskej informatiky EU. Katedra účtovníctva a audítorstva